00613nam a2200109Ia 4500008004100000245002900041300027300070650000900343856006000352999001900412952007200431170517s9999 xx 000 0 und d aCream's Farewell Concert aOn guitar: Eric Clapton. Lead singer and bass guitarist: Jack Bruce. On drums: Ginger Baker. Their motto: Forget the message, forget the lyrics, and just play. Their name: Cream. For two glorious years, Cream's high-volume blues, jamming and extended solos blazed a... xArt. uhttp://topdocumentaryfilms.com/creams-farewell-concert/ c333126d333126 001040aCLbCLd2017-05-17l0r2017-05-17 00:00:00w2017-05-17yDF